Veď aj láska sama osebe je krutá vojna Oľa Muchinová je Čechov v sukni, hovorí Marián Amsler, režisér ...

Bibliographic Details
Main Authors: Jenčíková, Mária (ain), Amsler, Marián, 1979- (Author, uin)
Format: Article
Language:Slovak
Subjects:

MARC

LEADER 00000nab a2200000 a 4500
001 vtls000833098
003 SK-MaSNL
005 20260302163212.0
008 160321c2003 xo 0 slo
015 |a SNBRB2003/04-12169 
035 |a CLN000184753 
040 |a SNKBUCL  |b slo  |c SNKBUCL  |e AACR2 
041 0 |a slo 
044 |a xo  |c SK 
080 |a 792.071.2  |2 UDC-MRF-SK2 
080 |a 929 Amsler, Marián  |2 UDC-MRF-SK2 
100 1 |a Jenčíková, Mária  |4 ain  |9 265567 
245 1 0 |a Veď aj láska sama osebe je krutá vojna  |b Oľa Muchinová je Čechov v sukni, hovorí Marián Amsler, režisér ...  |c [zhovárala sa] Mária Jenčíková 
300 |b Fotogr. 
600 1 7 |a Amsler, Marián  |d 1979-  |2 snkbucl  |9 112939 
655 7 |a články z novín a časopisov  |2 snkbucl  |9 267496 
700 1 |a Amsler, Marián,  |d 1979-  |4 aut  |4 uin  |9 112939 
773 0 |x 1335-4051  |t Pravda  |g Roč. 13, č. 85 (11.4.2003), s. 25 
850 |a Slovenská národná knižnica v Martine 
852 |a SNK  |b KIS3GCP 
958 |a CZ 
958 |a BC 
958 |a RBX 
999 |c 1382607  |d 1384537